000 00538nam a2200181Ia 4500
008 090123s9999 xx 000 0 und d
082 _b13620
_a891.463/मंगेश
100 _aमंगेशकर गीता
245 _aअभिलाषा
250 _a1
260 _bप्रिया प्रकाशन
300 _a240
600 _aमंगेशकर गीता
630 _aअभिलाषा
700 _aमंगेशकर गीता
730 _aअभिलाषा
942 _cBOOK
999 _c51683
_d51683